000 00957cam a2200289 i 4500
001 63185
003 Mx-PuUPA
005 20230313163114.0
008 150714s1993 mx gr 000 0 spa d
020 _a9682318610
040 _aMx-PuUPA
_bspa
_cMx-PuUPA
_dMx-PuUPA
_erda
041 0 _aspa
100 1 _aPatula, Jan,
_eautor
_93998
245 1 0 _aEuropa del este :
_bdel stalinismo a la democracia /
_cpor Jan Patula
250 _aPrimera edición
264 1 _aMéxico, D.F. :
_bSiglo xxi editores,
_c1993
300 _a396 páginas ;
_c21 cm.
336 _atexto
_2rdacontent
_btxt
337 _asin medio
_2rdamedia
_bn
338 _avolumen
_2rdacarrier
_bnc
490 0 _aSociología y política
650 7 _aPolítica
_zEuropa Oriental
_xHistoria
_y1945-1989
_2armarc
710 1 _aUniversidad Autónoma Metropolitana.
_bUnidad Iztapalapa
942 _2ddc
_cLI
_h320.947
_iP294
999 _c63185
_d63185